The toothpaste millionaire / (Record no. 1324)

MARC details
000 -LEADER
fixed length control field 01129cam a22003253a 4500
005 - DATE AND TIME OF LATEST TRANSACTION
control field 20230816144951.0
020 ## - INTERNATIONAL STANDARD BOOK NUMBER
International Standard Book Number 0618759247
020 ## - INTERNATIONAL STANDARD BOOK NUMBER
International Standard Book Number 0618759255 (pbk.)
020 ## - INTERNATIONAL STANDARD BOOK NUMBER
International Standard Book Number 9780618759248
020 ## - INTERNATIONAL STANDARD BOOK NUMBER
International Standard Book Number 9780618759255
040 ## - CATALOGING SOURCE
Original cataloging agency JBO
Transcribing agency JBO
Modifying agency BAKER
-- MUS
-- DLC
050 00 - LIBRARY OF CONGRESS CALL NUMBER
Classification number MLCS 2006/45858 (P)
082 04 - DEWEY DECIMAL CLASSIFICATION NUMBER
Classification number [Fic]
Edition number 22
100 1# - MAIN ENTRY--PERSONAL NAME
Personal name Merrill, Jean.
245 14 - TITLE STATEMENT
Title The toothpaste millionaire /
Statement of responsibility, etc. by Jean Merrill.
260 ## - PUBLICATION, DISTRIBUTION, ETC.
Place of publication, distribution, etc. Boston :
Name of publisher, distributor, etc. Houghton Mifflin,
Date of publication, distribution, etc. 2006.
300 ## - PHYSICAL DESCRIPTION
Extent 129 pages :
Other physical details illustrations ;
Dimensions 22 cm
500 ## - GENERAL NOTE
General note "35th Anniversary"--P. [4] of jacket.
500 ## - GENERAL NOTE
General note Includes an exclusive interview with the author and a reader's guide.
505 ## - FORMATTED CONTENTS NOTE
Formatted contents note O
520 ## - SUMMARY, ETC.
Summary, etc. A young girl describes how her school friend made over a million dollars by creating and marketing a cheaper and better toothpaste.
521 ## - TARGET AUDIENCE NOTE
Target audience note 820 <br/>
Source Lexile
521 ## - TARGET AUDIENCE NOTE
Target audience note O <br/>
Source Raz-Plus
650 #0 - SUBJECT ADDED ENTRY--TOPICAL TERM
Topical term or geographic name entry element Business enterprises
Form subdivision Juvenile fiction.
650 #0 - SUBJECT ADDED ENTRY--TOPICAL TERM
Topical term or geographic name entry element Mathematics
Form subdivision Juvenile fiction.
906 ## - LOCAL DATA ELEMENT F, LDF (RLIN)
a 7
b cbc
c copycat
d 2
e ncip
f 20
g y-gencatlg
942 ## - ADDED ENTRY ELEMENTS (KOHA)
Source of classification or shelving scheme Dewey Decimal Classification
Koha item type Books
Suppress in OPAC No
999 ## -
-- 1324
-- 1324
Holdings
Withdrawn status Lost status Source of classification or shelving scheme Damaged status Not for loan Collection Home library Current library Shelving location Date acquired Total Checkouts Full call number Barcode Date last seen Price effective from Koha item type
    Dewey Decimal Classification     Fiction Footprints International School Library Network Toul Kork Campus Footprints International School Library Network Toul Kork Campus A TK Campus, 4th Floor, Room B401, Fiction Bookcases (1-6) 08/16/2023   MER Fic PZ7.M54535 FISTK00322 08/16/2023 08/16/2023 Books